Sports Quiz

Random Sports Quiz

Celtic Fc signings under Brendan Rodgers Quiz Stats

 Plays Quiz not verified by Sporcle

Support Sporcle.
Go Orange.
Score 0/24 Timer 10:00
0 Plays Today
Season Player % Correct
16/17Moussa Dembele
96.1%
17/18Patrick Roberts
92.8%
16/17Scott Sinclair
92.2%
17/18Odsonne Edouard
87.1%
17/18Jonny Hayes
86.3%
17/18Scott Bain
84.2%
18/19Timothy Weah
82%
17/18Jack Hendry
81.4%
18/19Oliver Burke
81.3%
18/19Filip Benkovic
80.7%
17/18Charly Musonda
77.2%
17/18Lewis Morgan
76.4%
Season Player % Correct
17/18Olivier Ntcham
75.6%
16/17Kolo Toure
70.4%
16/17Eboue Kouassi
69.2%
17/18Marvin Compper
69.1%
18/19Jeremy Toljan
68.9%
18/19Youssouf Mulumbu
66.1%
16/17Cristian Gamboa
62.6%
17/18Kundai Benyu
54.8%
18/19Daniel Arzani
54.5%
18/19Vakoun Issouf Bayo
53.9%
16/17Dorus De Vries
46.9%
18/19Emilio Izaguirre
31.8%

You're not logged in!

Compare scores with friends on all Sporcle quizzes.
OR
Log In

From the Vault

Superhero Actor Sorting Gallery

by Gabrosin

At the rate we're going, eventually every actor will be a superhero.

You Might Also Like...

Remove Ads.
Support Sporcle.
Get the best of Sporcle when you Go Orange. This ad-free experience offers more features, more stats, and more fun while also helping to support Sporcle. Thank you for becoming a member.

Show Comments

Extras

Top Quizzes Today


Score Distribution

Your Account Isn't Verified!

In order to create a playlist on Sporcle, you need to verify the email address you used during registration. Go to your Sporcle Settings to finish the process.

Report this User

Report this user for behavior that violates our Community Guidelines.

Details: